000 00626nam a2200229Ia 4500
003 OSt
005 20220923213400.0
006 a|||||r|||| 00| 0
007 ta
008 220922b |||||||| |||| 00| 0 hin d
024 _a161,305
037 _cTextual
040 _aARTS
_cARTS
_bhin
041 _2hin
_ahin
082 _aO152:2M89:15, J5(-)
100 _aप्रसाद, जयशंकर
245 0 _aअजातशत्रु
246 _aAjātashatru
260 _c1950
942 _hO152:2M89:15, J5(-)
_cTEXL
_2CC
999 _c315976
_d315976